|
|
|
|
| LEADER |
00000nam0a2200000 4500 |
| 001 |
121868 |
| 005 |
20231031125716.0 |
| 020 |
|
|
|a RU
|b 87-89798
|
| 035 |
|
|
|a (RuTPU)RU\TPU\book\131975
|
| 090 |
|
|
|a 121868
|
| 100 |
|
|
|a 20070921d1987 m a0rusy5003 ca
|
| 101 |
0 |
|
|a rus
|
| 102 |
|
|
|a RU
|
| 105 |
|
|
|a a z 001zy
|
| 200 |
1 |
|
|a Техническое обслуживание и текущий ремонт оборудования подземного транспорта
|f Л. Я. Гимельшейн, Л. А. Чубаров, Н. А. Резниченко
|
| 210 |
|
|
|a Москва
|c Недра
|d 1987
|
| 215 |
|
|
|a 251 с.
|c ил.
|
| 225 |
1 |
|
|a Библиотека электромеханика шахты
|
| 320 |
|
|
|a Список литературы: с. 249-250.
|
| 610 |
1 |
|
|a техническое обслуживание
|
| 610 |
1 |
|
|a текущий ремонт
|
| 610 |
1 |
|
|a оборудование
|
| 610 |
1 |
|
|a подземный транспорт
|
| 675 |
|
|
|a 622.61
|v 3
|
| 700 |
|
1 |
|a Гимельшейн
|b Л. Я.
|g Леонид Яковлевич
|
| 701 |
|
1 |
|a Чубаров
|b Л. А.
|g Леонид Александрович
|
| 701 |
|
1 |
|a Резниченко
|b Н. А.
|g Николай Андреевич
|
| 801 |
|
0 |
|a RU
|b RuMRKP
|c 19950417
|g psbo
|
| 801 |
|
1 |
|a RU
|b 63413507
|c 20070921
|g PSBO
|
| 801 |
|
2 |
|a RU
|b 63413507
|c 20080128
|g PSBO
|
| 942 |
|
|
|c BK
|